[Event "Superliga 2011 W"]
[Site "Brasov"]
[Date "2011.10.08"]
[Round "1.1"]
[White "L'ami, Alina"]
[Black "Tolgyi, Viorica"]
[Result "1-0"]
[WhiteElo "2368"]
[BlackElo "2060"]
[PlyCount "53"]
[EventDate "2011.10.08"]

1. d4 d5 2. c4 c6 3. Nf3 Nf6 4. Nc3 e6 5. Bg5 Be7 6. e3 O-O 7. Bd3 h6 8. Bh4
dxc4 9. Bxc4 b5 10. Bd3 a6 11. O-O Bb7 12. Rc1 Nbd7 13. Bb1 Nd5 14. Qd3 f5 15.
Nxd5 cxd5 16. Bxe7 Qxe7 17. Rc7 Rab8 18. Qc3 Qd6 19. Rc1 Rfc8 20. Bd3 Rxc7 21.
Qxc7 Qxc7 22. Rxc7 Nb6 23. Ne5 Bc8 24. Kf1 Rb7 25. Rc6 Kf8 26. a4 Ke7 27. a5
1-0

[Event "Superliga 2011 W"]
[Site "Brasov"]
[Date "2011.10.08"]
[Round "1.1"]
[White "Florea, Dorina"]
[Black "Bulmaga, Irina"]
[Result "0-1"]
[WhiteElo "1902"]
[BlackElo "2304"]
[PlyCount "50"]
[EventDate "2011.10.08"]

1. b4 d5 2. Bb2 Nf6 3. b5 Bf5 4. e3 e6 5. Nf3 Bd6 6. c4 Nbd7 7. Nc3 c6 8. a4
O-O 9. Be2 e5 10. d4 dxc4 11. dxe5 Nxe5 12. Nxe5 Bxe5 13. Bxc4 Qa5 14. Qb3 Ne4
15. Rc1 Rad8 16. f3 Nd2 17. Qa2 Bb1 18. Nxb1 Nxb1+ 19. Kf1 Nd2+ 20. Kg1 Nxc4
21. Bxe5 Nxe5 22. bxc6 Rd2 23. Qb3 Nxf3+ 24. Kf1 Qf5 25. Qb5 Ne5+ 0-1

[Event "Superliga 2011 W"]
[Site "Brasov"]
[Date "2011.10.08"]
[Round "1.1"]
[White "Padurariu, Ioana-Smaranda"]
[Black "Vintila, Maria-Aurora"]
[Result "1-0"]
[WhiteElo "2211"]
[BlackElo "1781"]
[PlyCount "87"]
[EventDate "2011.10.08"]

1. e4 c5 2. Nf3 d6 3. d4 cxd4 4. Nxd4 a6 5. Nc3 Nc6 6. Be3 Nf6 7. Be2 e5 8. Nb3
Be7 9. O-O O-O 10. f3 Be6 11. Nd5 Bxd5 12. exd5 Nb4 13. c4 a5 14. Qd2 b6 15.
Nc1 Nd7 16. a3 Na6 17. b4 axb4 18. axb4 Nc7 19. Nb3 f5 20. Ra2 f4 21. Bf2 Bh4
22. Bd3 Bxf2+ 23. Qxf2 Rxa2 24. Qxa2 Qa8 25. Qc2 Nf6 26. Ra1 Qb7 27. Qf2 Ra8
28. Rxa8+ Qxa8 29. Qxb6 Qa2 30. Qxc7 Qxb3 31. Qc8+ Kf7 32. Qe6+ Kf8 33. Qxd6+
Kf7 34. Qc7+ Kf8 35. Qc5+ Kf7 36. Bf1 Qa3 37. Qb6 Kg6 38. b5 h5 39. Qf2 e4 40.
Qd4 e3 41. Qd3+ Qxd3 42. Bxd3+ Kf7 43. Bf5 Ke7 44. b6 1-0

[Event "Superliga 2011 W"]
[Site "Brasov"]
[Date "2011.10.08"]
[Round "1.2"]
[White "Plass, Mariana-Camelia"]
[Black "Peptan, Corina-Isabela"]
[Result "0-1"]
[WhiteElo "2151"]
[BlackElo "2421"]
[PlyCount "64"]
[EventDate "2011.10.08"]

1. d4 Nf6 2. c4 e6 3. g3 c5 4. Nf3 cxd4 5. Nxd4 Nc6 6. Bg2 Qb6 7. Nb5 Bc5 8.
O-O Ne5 9. Bf4 Nfg4 10. e3 a6 11. Nc7+ Qxc7 12. Qxg4 O-O 13. Qe2 d6 14. Nd2 Ng6
15. e4 Nxf4 16. gxf4 Bd7 17. Rac1 f5 18. e5 dxe5 19. fxe5 Bc6 20. Bxc6 Qxc6 21.
Rc3 Rad8 22. Rd3 Bb6 23. Rxd8 Rxd8 24. Nf3 h6 25. b3 Qe4 26. Re1 Rd3 27. Nd2
Qd4 28. Nf1 f4 29. Qc2 Bc5 30. Re2 f3 31. Rd2 Qg4+ 32. Ng3 Qh3 0-1

[Event "Superliga 2011 W"]
[Site "Brasov"]
[Date "2011.10.08"]
[Round "1.2"]
[White "Anusca, Madalina-Maria"]
[Black "Taposu-Matei, Alexandra"]
[Result "1-0"]
[WhiteElo "2070"]
[BlackElo "1788"]
[PlyCount "76"]
[EventDate "2011.10.08"]

1. d4 Nf6 2. c4 e6 3. Nf3 Bb4+ 4. Bd2 Qe7 5. g3 O-O 6. Bg2 Bxd2+ 7. Nbxd2 d6 8.
O-O Nbd7 9. Qc2 e5 10. d5 h6 11. b4 Nh7 12. Nb3 f5 13. Nh4 Qf7 14. Nxf5 Qxf5
15. Be4 Qh3 16. Bxh7+ Kh8 17. Be4 Nf6 18. Bg2 Qh5 19. f3 Bf5 20. e4 Bd7 21. a4
Rf7 22. c5 Raf8 23. b5 g5 24. Na5 Bc8 25. Nc4 Ne8 26. cxd6 cxd6 27. Qb2 Kg8 28.
Qd2 Qg6 29. Rf2 h5 30. Raf1 h4 31. g4 h3 32. Bxh3 Rh7 33. Bg2 Qh6 34. Bh1 Rf4
35. Rg2 Qh3 36. Rg3 Qh4 37. Ne3 Qh6 38. Qg2 Nf6 1-0

[Event "Superliga 2011 W"]
[Site "?"]
[Date "2011.10.08"]
[Round "1.3"]
[White "Cosma, Elena-Luminita"]
[Black "Sandu, Mihaela"]
[Result "1-0"]
[WhiteElo "2331"]
[BlackElo "2221"]
[PlyCount "75"]
[EventDate "2011.??.??"]
[TimeControl "5400"]

1. d4 Nf6 2. Nf3 e6 3. g3 c5 4. Bg2 cxd4 5. Nxd4 d5 6. O-O Be7 7. c4 dxc4 8.
Qa4+ Nbd7 9. Qxc4 Nb6 10. Qd3 O-O 11. Nc3 Bc5 12. Rd1 e5 13. Nb3 Qxd3 14. Rxd3
Be7 15. Bg5 Bf5 16. Rdd1 Nc4 17. Bxf6 Bxf6 18. Bxb7 Nxb2 19. Rdc1 Rad8 20. Be4
Bc8 21. Rc2 Nc4 22. Nd5 Na3 23. Nxf6+ gxf6 24. Rc5 Be6 25. Ra5 Nc4 26. Rxa7 Nd2
27. Nxd2 Rxd2 28. Bd3 e4 29. Bxe4 Rxe2 30. Bf3 Rd2 31. a4 Kg7 32. Ra8 Bc8 33.
a5 Rd3 34. Bg2 f5 35. a6 f4 36. gxf4 Rfd8 37. Rxc8 Rxc8 38. a7 1-0

[Event "Superliga 2011 W"]
[Site "?"]
[Date "2011.10.08"]
[Round "1.3"]
[White "Moldovan, Corina"]
[Black "Chirita, Andra-Marina"]
[Result "1-0"]
[WhiteElo "2232"]
[BlackElo "2045"]
[PlyCount "83"]
[EventDate "2011.??.??"]
[TimeControl "5400"]

1. e4 e6 2. d4 d5 3. Nc3 dxe4 4. Nxe4 Bd7 5. Nf3 Bc6 6. Bd3 Nd7 7. O-O Ngf6 8.
Ned2 Be7 9. c4 b6 10. Re1 O-O 11. b3 Bb7 12. Qe2 Re8 13. Bb2 c5 14. Rad1 Qc7
15. Bb1 Rad8 16. dxc5 Nxc5 17. Ne5 Ncd7 18. Ndf3 Nxe5 19. Nxe5 Rxd1 20. Rxd1
Rd8 21. Rxd8+ Qxd8 22. Qd3 Qxd3 23. Bxd3 Bc5 24. Kf1 Kf8 25. f3 Ke7 26. Bc2 g6
27. Bc3 Bd6 28. Kf2 Bc5+ 29. Ke2 Bg1 30. h3 Nh5 31. b4 f6 32. Ng4 e5 33. Kf1
Ng3+ 34. Kxg1 Ne2+ 35. Kf2 Nxc3 36. a3 b5 37. c5 Nd5 38. Be4 f5 39. Bxd5 Bxd5
40. Nxe5 Ke6 41. f4 Be4 42. Nf3 1-0

[Event "Superliga 2011 W"]
[Site "?"]
[Date "2011.10.08"]
[Round "1.3"]
[White "Ilie, Maria-Ruxandra"]
[Black "Visanescu, Daria-Ioana"]
[Result "0-1"]
[WhiteElo "2005"]
[BlackElo "2010"]
[PlyCount "84"]
[EventDate "2011.??.??"]
[TimeControl "5400"]

1. d4 g6 2. Nf3 Bg7 3. c4 d6 4. Nc3 Nd7 5. g3 e5 6. Bg2 Nh6 7. O-O O-O 8. dxe5
dxe5 9. Qc2 c6 10. Rd1 Qe7 11. Rb1 Re8 12. e4 Nb6 13. b3 f5 14. Ne2 Nf7 15. Nd2
Be6 16. c5 Nd7 17. b4 Ng5 18. h4 Nxe4 19. Bxe4 fxe4 20. Nxe4 Bf6 21. N2c3 b6
22. Nd6 Rf8 23. Nce4 Bd5 24. Bh6 Bg7 25. Be3 Rf3 26. Ng5 Rff8 27. Nge4 Rf3 28.
Ng5 Rff8 29. Nge4 Rf3 30. Bg5 Qe6 31. Rd3 Raf8 32. Rxf3 Rxf3 33. Qe2 Rf8 34.
Be3 b5 35. a3 Nf6 36. Bg5 Nxe4 37. Nxe4 h6 38. Bd2 Qf5 39. Nc3 Bf3 40. Qf1 e4
41. Nd1 Qd7 42. Bc3 e3 0-1

[Event "Superliga 2011 W"]
[Site "Brasov"]
[Date "2011.10.08"]
[Round "1.4"]
[White "Petrenko, Svetlana"]
[Black "Jicman, Ligia-Letitia"]
[Result "0-1"]
[WhiteElo "2223"]
[BlackElo "2187"]
[PlyCount "92"]
[EventDate "2011.10.08"]

1. e4 c5 2. Nf3 g6 3. d4 Bg7 4. c3 cxd4 5. cxd4 d5 6. e5 Bg4 7. h3 Bxf3 8. Qxf3
Nc6 9. Bb5 Rc8 10. Nc3 e6 11. O-O Nge7 12. Bg5 O-O 13. Bxc6 Rxc6 14. Nb5 h6 15.
Bxe7 Qxe7 16. Nxa7 Rb6 17. a4 Rxb2 18. Nb5 f6 19. Qc3 Qb4 20. Qd3 Kh7 21. exf6
Rxf6 22. Qe3 Qf8 23. Rac1 Rf4 24. Rc7 Re4 25. Qg3 Rf4 26. Rxb7 Ra2 27. Ra7 Rf7
28. Rxf7 Qxf7 29. Qb3 Rd2 30. Qc3 Ra2 31. a5 Qf4 32. g3 Qf5 33. Nd6 Qf6 34. Nb5
Qf5 35. Nc7 Rc2 36. g4 Qe4 37. Qxc2 Qxc2 38. Nxe6 Qc3 39. Rb1 Qxa5 40. Kg2 Qa6
41. Re1 Qb6 42. g5 Bxd4 43. Re2 Bg7 44. Nf4 Qd6 45. Kf3 hxg5 46. Ne6 Kh6 0-1

[Event "Superliga 2011 W"]
[Site "Brasov"]
[Date "2011.10.08"]
[Round "1.4"]
[White "Craciun, Paula-Iulia"]
[Black "Ionica, Iulia-Ionela"]
[Result "0-1"]
[WhiteElo "2138"]
[BlackElo "2244"]
[PlyCount "66"]
[EventDate "2011.10.08"]

1. e4 c5 2. Nf3 e6 3. c3 Nf6 4. e5 Nd5 5. d4 cxd4 6. cxd4 d6 7. Bc4 Nc6 8. O-O
Be7 9. Re1 O-O 10. Nc3 Nxc3 11. bxc3 dxe5 12. Nxe5 Nxe5 13. Rxe5 Bd6 14. Rh5 f5
15. Bg5 Qe8 16. Qe2 h6 17. Bd2 Rf6 18. f4 Bd7 19. Re1 Rc8 20. Rh3 Kh8 21. Bb3
a5 22. c4 b6 23. Bc2 Qd8 24. Bd3 Qc7 25. g3 Bc6 26. Bc3 Bb4 27. Bxb4 axb4 28.
Qe5 Qa7 29. d5 exd5 30. Bxf5 Rcf8 31. g4 dxc4 32. Bb1 b5+ 33. Ree3 Re8 0-1

[Event "Superliga 2011 W"]
[Site "Brasov"]
[Date "2011.10.08"]
[Round "1.4"]
[White "Bratu, Andreea"]
[Black "Lolici, Iselin-Amanda"]
[Result "0-1"]
[WhiteElo "1802"]
[BlackElo "1982"]
[PlyCount "52"]
[EventDate "2011.10.08"]

1. e4 c5 2. Nf3 Nc6 3. d4 cxd4 4. Nxd4 Nf6 5. Nc3 g6 6. Nxc6 bxc6 7. e5 Ng8 8.
Bc4 Bg7 9. f4 d5 10. exd6 exd6 11. O-O Ne7 12. Kh1 O-O 13. Ne2 d5 14. Bd3 Re8
15. c3 Nf5 16. Rf3 Nd6 17. Qc2 c5 18. Ng3 Bb7 19. Re3 Ne4 20. Bd2 f5 21. Re2
Qh4 22. Bxe4 fxe4 23. c4 Ba6 24. Ree1 Bxc4 25. a3 Rac8 26. Rad1 Bd3 0-1

[Event "Superliga 2011 W"]
[Site "Brasov"]
[Date "2011.10.08"]
[Round "1.5"]
[White "Cramling, Pia"]
[Black "Baciu, Anca-Otilia"]
[Result "1-0"]
[WhiteElo "2489"]
[BlackElo "2130"]
[PlyCount "71"]
[EventDate "2011.10.08"]

1. d4 Nf6 2. Nf3 e6 3. c4 b6 4. g3 Bb7 5. Bg2 Be7 6. O-O O-O 7. Re1 c5 8. d5
exd5 9. Nh4 g6 10. cxd5 d6 11. Nc3 Nbd7 12. e4 Re8 13. f4 Bf8 14. h3 a6 15. Be3
b5 16. Bf2 Rc8 17. Rc1 Bg7 18. Rc2 Nh5 19. Bf3 Nhf6 20. Rce2 Nb6 21. Bg2 Nfd7
22. Nf3 f6 23. h4 Rc7 24. h5 b4 25. Na4 Nxa4 26. Qxa4 Nb6 27. Qc2 g5 28. Bh3
Bc8 29. Bxc8 Qxc8 30. fxg5 Qg4 31. Nh4 fxg5 32. Nf5 Qxh5 33. Nxd6 Rf8 34. Nf5
Be5 35. d6 Rc6 36. Ne7+ 1-0

[Event "Superliga 2011 W"]
[Site "Brasov"]
[Date "2011.10.08"]
[Round "1.5"]
[White "Vasilescu, Maria"]
[Black "Foisor, Cristina-Adela"]
[Result "0-1"]
[WhiteElo "1814"]
[BlackElo "2416"]
[PlyCount "50"]
[EventDate "2011.10.08"]

1. e4 c5 2. Nc3 g6 3. g3 Bg7 4. Bg2 Nc6 5. d3 d6 6. f4 Rb8 7. Nf3 Nd4 8. O-O
Bg4 9. Nd5 Qd7 10. c3 Nxf3+ 11. Bxf3 Bh3 12. Re1 h5 13. e5 e6 14. exd6 Nh6 15.
Qe2 O-O 16. Ne3 b5 17. Bd2 Rb6 18. Bxh5 gxh5 19. Qxh5 Bf5 20. Nxf5 exf5 21. Re7
Qxd6 22. Rae1 Qxd3 23. Bc1 Ng4 24. Re8 Rh6 25. Qg5 f6 0-1

[Event "Superliga 2011 W"]
[Site "Brasov"]
[Date "2011.10.08"]
[Round "1.5"]
[White "Uta, Adeline-Ramona"]
[Black "Dumitrescu, Madalina-Alexandra"]
[Result "1-0"]
[WhiteElo "2085"]
[BlackElo "1660"]
[PlyCount "59"]
[EventDate "2011.10.08"]

1. e4 e5 2. Nf3 Nc6 3. Bb5 d6 4. O-O Nf6 5. Re1 Be7 6. d4 Bd7 7. Nc3 O-O 8.
Bxc6 bxc6 9. dxe5 Ng4 10. Bf4 Be6 11. exd6 cxd6 12. Nd4 Qb6 13. Na4 Qa5 14.
Nxc6 Qxa4 15. Nxe7+ Kh8 16. b3 Qd7 17. Nd5 Rac8 18. c4 Rfe8 19. Qd4 f6 20. Rad1
Ne5 21. Nc3 Red8 22. Nb5 Rc6 23. Nxa7 Ra6 24. Nb5 Rxa2 25. Nxd6 Qe7 26. Bxe5
Rf8 27. Bg3 Raa8 28. Nf5 Qf7 29. b4 Bxc4 30. Nd6 1-0

[Event "Superliga 2011 W"]
[Site "Brasov"]
[Date "2011.10.09"]
[Round "2.1"]
[White "Tolgyi, Viorica"]
[Black "Baciu, Anca-Otilia"]
[Result "0-1"]
[WhiteElo "2060"]
[BlackElo "2130"]
[PlyCount "40"]
[EventDate "2011.10.08"]

1. d4 Nf6 2. c4 e6 3. Nc3 Bb4 4. e3 c5 5. Qc2 O-O 6. Bd2 Nc6 7. Nf3 b6 8. a3
Bxc3 9. Bxc3 Bb7 10. Bd3 h6 11. O-O Rc8 12. Rad1 cxd4 13. exd4 d5 14. c5 bxc5
15. dxc5 d4 16. Nxd4 Nxd4 17. Bxd4 Qd5 18. f3 Qxd4+ 19. Kh1 Qxc5 20. Qxc5 Rxc5
0-1

[Event "Superliga 2011 W"]
[Site "Brasov"]
[Date "2011.10.09"]
[Round "2.1"]
[White "Vintila, Maria-Aurora"]
[Black "Vasilescu, Maria"]
[Result "0-1"]
[WhiteElo "1781"]
[BlackElo "1814"]
[PlyCount "74"]
[EventDate "2011.10.08"]

1. e4 e5 2. Nf3 Nc6 3. Bc4 Bc5 4. c3 Nf6 5. d3 d6 6. O-O h6 7. Be3 Bb6 8. Bb5
O-O 9. h3 Ne7 10. Nbd2 c6 11. Ba4 Ng6 12. Bc2 d5 13. d4 dxe4 14. Nxe4 Nxe4 15.
Bxe4 f5 16. Bc2 e4 17. Nh2 Qd6 18. f4 Be6 19. Bb3 Rad8 20. Bxe6+ Qxe6 21. Qb3
Qxb3 22. axb3 Ne7 23. b4 Nd5 24. Kf2 a6 25. g3 g5 26. Rg1 Bc7 27. Rg2 gxf4 28.
Bxf4 Bxf4 29. gxf4+ Kh7 30. Rag1 Rg8 31. Rxg8 Rxg8 32. Rxg8 Kxg8 33. Nf1 Nxf4
34. Kg3 Nd3 35. b3 Kf7 36. Nd2 Kf6 37. h4 e3 0-1

[Event "Superliga 2011 W"]
[Site "Brasov"]
[Date "2011.10.09"]
[Round "2.2"]
[White "Jicman, Ligia-Letitia"]
[Black "Cramling, Pia"]
[Result "1/2-1/2"]
[WhiteElo "2187"]
[BlackElo "2489"]
[PlyCount "85"]
[EventDate "2011.10.08"]

1. e4 c5 2. c3 Nf6 3. e5 Nd5 4. d4 cxd4 5. Nf3 Nc6 6. cxd4 d6 7. Bc4 Nb6 8. Bb5
Bd7 9. Nc3 e6 10. O-O a6 11. Bd3 Nb4 12. Bb1 Bc6 13. a3 N4d5 14. Ne4 Qc7 15.
Re1 Nd7 16. exd6 Bxd6 17. Nxd6+ Qxd6 18. Ne5 Nxe5 19. dxe5 Qc7 20. Qg4 Ne7 21.
Bd2 a5 22. b4 Rd8 23. Bg5 h5 24. Qc4 Qd7 25. bxa5 Qd5 26. Qxd5 Rxd5 27. a6 bxa6
28. Ba2 Rd7 29. Rec1 Ba8 30. Bc4 O-O 31. Bxa6 Ng6 32. Rc5 Bd5 33. Bb5 Ra7 34.
Be3 Rb7 35. f4 Nh4 36. a4 Nxg2 37. Kf2 Rfb8 38. Bd2 Nh4 39. Rac1 Nf5 40. Rc8+
Rxc8 41. Rxc8+ Kh7 42. Bd3 Rb3 43. Rc3 1/2-1/2

[Event "Superliga 2011 W"]
[Site "Brasov"]
[Date "2011.10.09"]
[Round "2.2"]
[White "Foisor, Cristina-Adela"]
[Black "Craciun, Paula-Iulia"]
[Result "1-0"]
[WhiteElo "2416"]
[BlackElo "2138"]
[PlyCount "85"]
[EventDate "2011.10.08"]

1. Nf3 d5 2. g3 Nf6 3. Bg2 Bg4 4. d3 e6 5. O-O Bd6 6. c4 c6 7. Nbd2 Nbd7 8. b3
O-O 9. Bb2 Re8 10. d4 e5 11. cxd5 cxd5 12. h3 Bh5 13. dxe5 Bxf3 14. Nxf3 Nxe5
15. Nxe5 Bxe5 16. Bxe5 Rxe5 17. e3 Qb6 18. Qd3 a5 19. Rac1 h5 20. Rfd1 Ne4 21.
Qd4 Qf6 22. Rc2 Rae8 23. h4 Qg6 24. Rdc1 Qf5 25. a4 Kh7 26. Qb6 R8e6 27. Qxb7
Rf6 28. Qc8 Qxc8 29. Bxe4+ dxe4 30. Rxc8 Rd5 31. R8c5 Rd2 32. Rxh5+ Kg6 33.
Rg5+ Kh6 34. Rf1 Rf3 35. Rxa5 f5 36. Kg2 g6 37. Kh3 Rb2 38. Rb5 g5 39. hxg5+
Kxg5 40. a5 Rfxf2 41. Rxf2 Rxf2 42. a6 Ra2 43. g4 1-0

[Event "Superliga 2011 W"]
[Site "Brasov"]
[Date "2011.10.09"]
[Round "2.2"]
[White "Lolici, Iselin-Amanda"]
[Black "Uta, Adeline-Ramona"]
[Result "0-1"]
[WhiteElo "1982"]
[BlackElo "2085"]
[PlyCount "78"]
[EventDate "2011.10.08"]

1. c4 g6 2. g3 Bg7 3. Bg2 Nf6 4. Nc3 O-O 5. e4 d6 6. Nge2 c6 7. O-O a6 8. d3 e5
9. h3 b5 10. f4 Nbd7 11. f5 Bb7 12. g4 h6 13. g5 hxg5 14. Bxg5 Qb6+ 15. Kh2 d5
16. cxd5 cxd5 17. Nxd5 Nxd5 18. exd5 Nf6 19. d4 Qd6 20. Ng3 exd4 21. Bf4 Qb6
22. Be5 Nh5 23. Bxg7 Nxg3 24. Bxf8 Nxf1+ 25. Qxf1 Rxf8 26. Qf4 Qf6 27. Rd1 Bc8
28. Qxd4 Qxd4 29. Rxd4 Bxf5 30. d6 Rd8 31. Bb7 Bc8 32. Ba8 Bd7 33. Bb7 a5 34.
Rd5 Kg7 35. Ba6 Rb8 36. a4 bxa4 37. Rxa5 Rxb2+ 38. Kg1 Rd2 39. Bb7 Rxd6 0-1

[Event "Superliga 2011 W"]
[Site "Brasov"]
[Date "2011.10.09"]
[Round "2.3"]
[White "Sandu, Mihaela"]
[Black "Petrenko, Svetlana"]
[Result "1-0"]
[WhiteElo "2221"]
[BlackElo "2223"]
[PlyCount "141"]
[EventDate "2011.10.08"]

1. e4 e6 2. d4 d5 3. Nc3 Nf6 4. Bg5 Be7 5. e5 Nfd7 6. h4 Bxg5 7. hxg5 Qxg5 8.
Qd3 g6 9. Nh3 Qh6 10. f4 a6 11. O-O-O b5 12. g4 Nc6 13. Bg2 Bb7 14. Kb1 O-O-O
15. f5 gxf5 16. gxf5 Ne7 17. fxe6 fxe6 18. Rdf1 Qg6 19. Nf4 Qxd3 20. cxd3 Nf8
21. Bh3 Kb8 22. Nxe6 Nxe6 23. Bxe6 c5 24. dxc5 d4 25. Ne4 Nc6 26. Nd6 Nxe5 27.
Nxb7 Kxb7 28. Bf5 h6 29. Be4+ Ka7 30. Rf6 a5 31. Rfxh6 Rxh6 32. Rxh6 b4 33. Re6
Ng4 34. Kc2 a4 35. Rb6 Rf8 36. Rxb4 Ne3+ 37. Kd2 Rf2+ 38. Ke1 Nc2+ 39. Kxf2
Nxb4 40. a3 Na6 41. Kf3 Nxc5 42. Kf4 Kb6 43. Ke5 Nb3 44. Bd5 Na1 45. Kxd4 Nc2+
46. Kc3 Ne3 47. Bf7 Nd1+ 48. Kc2 Ne3+ 49. Kd2 Nf5 50. Be8 Ka5 51. Kc3 Ne3 52.
d4 Nd1+ 53. Kc2 Ne3+ 54. Kd2 Nc4+ 55. Kc3 Ne3 56. Bc6 Nd1+ 57. Kc2 Ne3+ 58. Kd2
Nc4+ 59. Kc3 Ne3 60. Kd3 Nd1 61. Bf3 Nf2+ 62. Ke3 Nh3 63. Bg4 Ng5 64. Kf4 Nf7
65. Be6 Nd8 66. Bd5 Kb6 67. Kf5 Kc7 68. Ke5 Kd7 69. Bf3 Ke7 70. Bd1 Nc6+ 71.
Kd5 1-0

[Event "Superliga 2011 W"]
[Site "Brasov"]
[Date "2011.10.09"]
[Round "2.3"]
[White "Ionica, Iulia-Ionela"]
[Black "Moldovan, Corina"]
[Result "1/2-1/2"]
[WhiteElo "2244"]
[BlackElo "2232"]
[PlyCount "45"]
[EventDate "2011.10.08"]

1. e4 e6 2. d4 d5 3. exd5 exd5 4. c4 Bb4+ 5. Nc3 Ne7 6. Nf3 O-O 7. Bd3 Bf5 8.
O-O Bxd3 9. Qxd3 dxc4 10. Qxc4 Bd6 11. Bg5 h6 12. Bh4 Qd7 13. Ne5 Bxe5 14. dxe5
Nf5 15. Rad1 Qe6 16. Qxe6 fxe6 17. Bg3 Nc6 18. Rfe1 Rad8 19. f4 Nfd4 20. Re4
Nf5 21. Ree1 Nfd4 22. Re4 Nf5 23. Ree1 1/2-1/2

[Event "Superliga 2011 W"]
[Site "Brasov"]
[Date "2011.10.09"]
[Round "2.3"]
[White "Visanescu, Daria-Ioana"]
[Black "Bratu, Andreea"]
[Result "1-0"]
[WhiteElo "2010"]
[BlackElo "1802"]
[PlyCount "85"]
[EventDate "2011.10.08"]

1. e4 c5 2. c3 Nf6 3. e5 Nd5 4. d4 cxd4 5. Nf3 Nc6 6. cxd4 e6 7. Bc4 Nb6 8. Bb3
Be7 9. Nc3 d5 10. O-O O-O 11. a3 f6 12. exf6 Bxf6 13. Re1 a6 14. Bc2 Nc4 15. b4
b5 16. Qd3 g6 17. Bh6 Bg7 18. Bxg7 Kxg7 19. h4 Qf6 20. Re2 Bd7 21. Bb3 Rad8 22.
Bxc4 dxc4 23. Qe3 Qf4 24. Rd1 Bc8 25. Ne4 Qxe3 26. Rxe3 Rfe8 27. Nc5 Rd5 28.
Kf1 h6 29. Ke2 Kf7 30. g3 Red8 31. Re4 Kf6 32. Rf4+ Kg7 33. Re4 R8d6 34. Rd2 g5
35. hxg5 hxg5 36. Rg4 Kg6 37. Ne4 Rd8 38. Nexg5 Kf6 39. Rf4+ Kg6 40. Nf7 Rf8
41. N7e5+ Rxe5+ 42. Nxe5+ Nxe5 43. Rxf8 1-0

[Event "Superliga 2011 W"]
[Site "Brasov"]
[Date "2011.10.09"]
[Round "2.4"]
[White "Melia, Salome"]
[Black "Cosma, Elena-Luminita"]
[Result "1-0"]
[WhiteElo "2396"]
[BlackElo "2331"]
[PlyCount "76"]
[EventDate "2011.10.08"]

1. e4 e6 2. d4 d5 3. Nc3 dxe4 4. Nxe4 Nd7 5. Nf3 Ngf6 6. Nxf6+ Nxf6 7. Bc4 c5
8. O-O a6 9. a4 Be7 10. Qe2 O-O 11. dxc5 Bxc5 12. Bf4 Qe7 13. Rfd1 Bd7 14. Ne5
Rfd8 15. Bg5 Be8 16. Ng4 Bd4 17. c3 h5 18. cxd4 hxg4 19. d5 Kf8 20. dxe6 Rxd1+
21. Rxd1 Bxa4 22. Rd4 Rd8 23. Rxd8+ Qxd8 24. exf7 Bb5 25. Bxf6 Bxc4 26. Bxg7+
Kxf7 27. Qxc4+ Kxg7 28. Qxg4+ Kh7 29. Qe4+ Kh6 30. h4 Qd1+ 31. Kh2 Qd6+ 32. g3
Qd7 33. Qf4+ Kh7 34. g4 Qc6 35. h5 b5 36. g5 Qc8 37. Qf6 Qc4 38. Kg3 Qc8 1-0

[Event "Superliga 2011 W"]
[Site "Brasov"]
[Date "2011.10.09"]
[Round "2.4"]
[White "Chirita, Andra-Marina"]
[Black "Plass, Mariana-Camelia"]
[Result "1-0"]
[WhiteElo "2044"]
[BlackElo "2151"]
[PlyCount "107"]
[EventDate "2011.10.08"]

1. d4 Nf6 2. Nf3 g6 3. c4 d5 4. Nc3 Bg7 5. Bg5 Ne4 6. cxd5 Nxg5 7. Nxg5 e6 8.
Nf3 exd5 9. e3 O-O 10. b4 c6 11. Bd3 Bg4 12. O-O Qf6 13. Be2 Qd6 14. Qb3 Nd7
15. Rac1 a6 16. a4 Nf6 17. b5 axb5 18. axb5 Ne4 19. bxc6 bxc6 20. Qc2 Nxc3 21.
Qxc3 Rfc8 22. h3 Bf5 23. Rfd1 Ra2 24. Bf1 h5 25. Qb3 Qa3 26. Qb7 Rb2 27. Qa6
Qf8 28. Rc5 Bd7 29. Qa3 Rcb8 30. Rdc1 Qd6 31. Ne1 Bf8 32. Nd3 Rb1 33. Qa5 Rxc1
34. Rxc1 Bf5 35. Ne5 Qa3 36. Qxa3 Bxa3 37. Nxc6 Rb6 38. Rc3 Bb2 39. Rc5 Kg7 40.
Ne7 Be6 41. Nxd5 Rb7 42. Nf4 Bd7 43. Nd3 Ba3 44. Ra5 Be7 45. Nc5 Rc7 46. Bd3
Bc8 47. Kf1 f5 48. Ke2 Bf6 49. Bc4 f4 50. Ra8 fxe3 51. fxe3 Bf5 52. Bd3 Re7 53.
Bxf5 Bxd4 54. Ne6+ 1-0

[Event "Superliga 2011 W"]
[Site "Brasov"]
[Date "2011.10.09"]
[Round "2.4"]
[White "Taposu-Matei, Alexandra"]
[Black "Serbanescu, Diana-Maria"]
[Result "0-1"]
[WhiteElo "1788"]
[BlackElo "1869"]
[PlyCount "62"]
[EventDate "2011.10.08"]

1. d4 Nf6 2. c4 g6 3. Nf3 Bg7 4. Nc3 O-O 5. Bg5 d6 6. Qc2 Nbd7 7. Rd1 c6 8. e3
Qe8 9. Be2 e5 10. dxe5 dxe5 11. Nd2 h6 12. Bh4 a5 13. O-O Nc5 14. e4 Ne6 15.
Bg3 Nd4 16. Qd3 Nd7 17. Nf3 Nc5 18. Qd2 Nxf3+ 19. Bxf3 Ne6 20. Qd6 Nd4 21. Ne2
Nxf3+ 22. gxf3 Bh3 23. Rfe1 Qe6 24. Qd3 g5 25. b3 h5 26. Qc3 h4 27. Bxh4 gxh4
28. Qe3 Qg6+ 29. Ng3 hxg3 30. hxg3 Rfd8 31. Rxd8+ Rxd8 0-1

[Event "Superliga 2011 W"]
[Site "?"]
[Date "2011.10.09"]
[Round "2.5"]
[White "L'ami, Alina"]
[Black "Muzychuk, Anna"]
[Result "0-1"]
[WhiteElo "2368"]
[BlackElo "2545"]
[PlyCount "116"]
[EventDate "2011.??.??"]
[TimeControl "5400"]

1. d4 d6 2. c4 e5 3. Nf3 e4 4. Ng5 f5 5. g3 Be7 6. Nh3 Nf6 7. Nc3 c6 8. d5 Na6
9. Bg2 Nc7 10. O-O cxd5 11. cxd5 b5 12. a3 O-O 13. f3 exf3 14. exf3 a5 15. Be3
Bb7 16. Bb6 Qd7 17. Bxc7 Qxc7 18. Qd4 b4 19. axb4 axb4 20. Qxb4 Nxd5 21. Nxd5
Bxd5 22. Nf4 Bf7 23. Rac1 Qa7+ 24. Kh1 Rfc8 25. Qb5 Rc5 26. Rxc5 dxc5 27. Qd3
Bf6 28. Qxf5 Bxb2 29. Nd3 Bd4 30. f4 g6 31. Qg5 Re8 32. f5 Qe7 33. fxg6 Qxg5
34. gxf7+ Kf8 35. fxe8=Q+ Kxe8 36. Nf4 Qe5 37. Bd5 Kd7 38. Kg2 Be3 39. Be6+ Kc6
40. Bg8 Qe4+ 41. Kh3 Qf5+ 42. Kg2 h5 43. Nd5 Qe4+ 44. Rf3 Qc2+ 45. Kh3 Bg1 46.
Kh4 Qxh2+ 47. Kg5 Qe2 48. Rf6+ Kb7 49. Be6 Bd4 50. Rf7+ Ka6 51. Bc8+ Kb5 52.
Rb7+ Ka4 53. Ra7+ Kb3 54. Rb7+ Ka3 55. Ra7+ Kb2 56. Rb7+ Kc1 57. Nf4 Qe5+ 58.
Bf5 Qf6+ 0-1

[Event "Superliga 2011 W"]
[Site "?"]
[Date "2011.10.09"]
[Round "2.5"]
[White "Peptan, Corina-Isabela"]
[Black "Bulmaga, Irina"]
[Result "1/2-1/2"]
[WhiteElo "2421"]
[BlackElo "2304"]
[PlyCount "105"]
[EventDate "2011.??.??"]
[TimeControl "5400"]

1. e4 c6 2. d4 d5 3. e5 Bf5 4. Nd2 e6 5. Nb3 c5 6. dxc5 Bxc5 7. Nxc5 Qa5+ 8. c3
Qxc5 9. Nf3 Qc7 10. Bb5+ Nc6 11. O-O Nge7 12. Re1 Bg4 13. h3 Bh5 14. Bf4 a6 15.
Bf1 Ng6 16. Bh2 Nh4 17. g4 Nxf3+ 18. Qxf3 Bg6 19. Qe3 h5 20. Bg2 hxg4 21. hxg4
O-O-O 22. Bg3 Kb8 23. Rac1 Qa5 24. a3 Qb5 25. b4 Qc4 26. f3 Qb3 27. Bf2 d4 28.
cxd4 Qxe3 29. Rxe3 Nxd4 30. f4 Bd3 31. Bf1 Nb3 32. Rd1 Bxf1 33. Rxd8+ Rxd8 34.
Kxf1 Nd2+ 35. Kg2 Nc4 36. Rc3 b5 37. a4 Kb7 38. axb5 axb5 39. Rh3 g5 40. Rh7
Rd7 41. f5 Kc6 42. Rg7 exf5 43. Rxg5 fxg4 44. e6 fxe6 45. Rc5+ Kd6 46. Rxb5 e5
47. Rb8 Kc7 48. Rg8 Rd2 49. Kg3 Rb2 50. Bc5 Kc6 51. Rd8 Rd2 52. Rxd2 Nxd2 53.
Kxg4 1/2-1/2